000 00440nam a2200169Ia 4500
008 131103s9999 xx 000 0 und d
040 _aLoreto College
041 _aEnglish
082 _aF/GOL
_bLCBED/6416
100 _aGolding, William
245 _aLord of the flies
_cWilliam Golding
260 _aLondon
_bFaber and Faber
_c[19 ?]
300 _a223 p.
_c 20cm.
650 _aEnglish Fiction
850 _aLCBED/F/GOL
942 _cBK
999 _c32768
_d83247